Survival at sea : a practical manual of survival and advice to the shipwrecked, assembled from an analysis of thirty-one survival stories /

Bibliographic Details
Main Author: Robin, Bernard
Other Authors: Simpkin, Richard
Format: Book
Language:English
French
Published: Camden, Me. : International Marine Pub. Co., [1981]
Subjects:

MARC

Tag First Indicator Second Indicator Subfields
LEADER 00000cam a2200000 a 4500
001 in00000091808
005 20150923131842.0
008 820611s1981 meua b 00110 eng
010 |a  80085442  
020 |a 0877421412 :  |c $15.00 
035 |a (OCoLC)08546406 
035 |9 AAK7143AM 
039 0 |a 2  |b 3  |c 3  |d 3  |e 3 
040 |a DLC  |c DLC  |d TXA  |d UtOrBLW 
041 1 |a eng  |a fre 
049 |a TXAM  |c [1633282] 
050 0 0 |a G525  |b  R5613 1981 
082 0 |a 363.1/23  |2 19 
100 1 |a Robin, Bernard. 
245 1 0 |a Survival at sea :  |b a practical manual of survival and advice to the shipwrecked, assembled from an analysis of thirty-one survival stories /  |c  Bernard Robin ; translated and edited by Richard Simpkin. 
264 1 |a Camden, Me. :  |b International Marine Pub. Co.,  |c [1981] 
264 4 |c ©1981 
300 |a 235 pages :  |b illustrations ;  |c 23 cm. 
336 |a text  |b txt  |2 rdacontent 
337 |a unmediated  |b n  |2 rdamedia 
338 |a volume  |b nc  |2 rdacarrier 
504 |a Includes bibliographical references and index. 
650 0 |a Survival. 
650 0 |a Shipwreck survival. 
650 0 |a Survival at sea. 
650 0 |a Airplane crash survival. 
700 1 |a Simpkin, Richard. 
999 |a MARS 
999 f f |s c6aa87db-11cd-315b-b832-3b39805e0c56  |i ac65d85a-e0bc-3467-a9a1-0a755ab5922d  |t 0 
952 f f |p ric  |a Texas A&M University  |b Rellis Campus  |c Joint Library Facility  |d Remote Storage  |t 0  |e G525 R5613 1981  |h Library of Congress classification  |i unmediated -- volume  |m A14806004805 
998 f f |a G525 R5613 1981  |t 0  |l Remote Storage